Ficciones / (Record no. 377009)
[ view plain ]
| 000 -LEADER | |
|---|---|
| fixed length control field | 01692cam a2200361 a 4500 |
| 001 - CONTROL NUMBER | |
| control field | ocm27188260 |
| 005 - DATE AND TIME OF LATEST TRANSACTION | |
| control field | 20260123125613.0 |
| 008 - FIXED-LENGTH DATA ELEMENTS--GENERAL INFORMATION | |
| fixed length control field | 921217s1993 nyu b 000 1 eng |
| 010 ## - LIBRARY OF CONGRESS CONTROL NUMBER | |
| LC control number | 92055353 |
| 020 ## - INTERNATIONAL STANDARD BOOK NUMBER | |
| International Standard Book Number | 9780679422990 |
| 020 ## - INTERNATIONAL STANDARD BOOK NUMBER | |
| International Standard Book Number | 0679422994 : |
| Terms of availability | $15.00 |
| 040 ## - CATALOGING SOURCE | |
| Original cataloging agency | DLC |
| Language of cataloging | eng |
| Transcribing agency | DLC |
| Modifying agency | CLE |
| -- | EL$ |
| -- | OCL |
| -- | UOK |
| -- | OCoLC |
| -- | WaOLN |
| -- | OCoLC |
| Description conventions | rda |
| 041 1# - LANGUAGE CODE | |
| Language code of text/sound track or separate title | eng |
| Language code of original and/or intermediate translations of text | spa |
| 043 ## - GEOGRAPHIC AREA CODE | |
| Geographic area code | s-ag--- |
| 050 00 - LIBRARY OF CONGRESS CALL NUMBER | |
| Classification number | PQ7797.B635 |
| Item number | F513 1993 |
| 082 00 - DEWEY DECIMAL CLASSIFICATION NUMBER | |
| Classification number | 863 |
| Edition number | 20 |
| 092 ## - LOCALLY ASSIGNED DEWEY CALL NUMBER (OCLC) | |
| Classification number | adult fiction |
| Item number | Borges |
| 999 ## - SYSTEM CONTROL NUMBERS (KOHA) | |
| Koha Dewey Subclass [OBSOLETE] | 02115945 |
| 100 1# - MAIN ENTRY--PERSONAL NAME | |
| Personal name | Borges, Jorge Luis, |
| Dates associated with a name | 1899-1986 |
| 9 (RLIN) | 5858610 |
| 240 10 - UNIFORM TITLE | |
| Uniform title | <a href="Ficciones.">Ficciones.</a> |
| Language of a work | English |
| 245 10 - TITLE STATEMENT | |
| Title | Ficciones / |
| Statement of responsibility, etc | Jorge Luis Borges with an introduction by John Sturrock. |
| 264 #1 - Production, Publication, Distribution, Manufacture, and Copyright Notice. | |
| Place of production, publication, distribution, manufacture | New York : |
| Name of producer, publisher, distributor, manufacturer | A.A. Knopf : |
| -- | Distributed by Random House, |
| Date of production, publication, distribution, manufacture, or copyr | 1993. |
| 300 ## - PHYSICAL DESCRIPTION | |
| Extent | xliii, 142 pages ; |
| Dimensions | 21 cm. |
| 336 ## - Content Type | |
| Content type term | text |
| 337 ## - Media type | |
| Media type term | unmediated |
| 338 ## - Carrier type | |
| Carrier type term | volume |
| 490 0# - SERIES STATEMENT | |
| Series statement | Everyman's library (Alfred A. Knopf, Inc. ; |
| Volume number/sequential designation | 166 |
| 504 ## - BIBLIOGRAPHY, ETC. NOTE | |
| Bibliography, etc | Includes bibliographical references (page xxv). |
| 505 0# - FORMATTED CONTENTS NOTE | |
| Formatted contents note | Part one: The garden of forking paths: Tlön, Uqbar, Orbis Tertius ; The approach to Al-Mu'tasim ; Pierre Menard, author of Don Quixote ; The circular ruins ; The Babylon lottery ; An examination of the work of Herbert Quain ; The library of Babel ; The garden of forking paths -- Part two: Artifices: Funes, the Memorious ; The form of the sword ; Theme of the traitor and hero ; Death and the compass ; The secret miracle ; Three versions of Judas ; The end ; The sect of the phoenix ; The south. |
| 651 #0 - SUBJECT ADDED ENTRY--GEOGRAPHIC NAME | |
| Geographic name | Argentina |
| General subdivision | Social life and customs |
| Form subdivision | Fiction. |
| 9 (RLIN) | 6389732 |
| 655 #7 - INDEX TERM--GENRE/FORM | |
| Genre/form data or focus term | Short stories |
| Source of term | lcgft |
| 942 ## - ADDED ENTRY ELEMENTS (KOHA) | |
| Source of classification or shelving scheme | Dewey Decimal Classification |
| Koha item type | BOOK |
| Withdrawn status | Lost status | Source of classification or shelving scheme | Damaged status | Not for loan | Collection code | Home library | Current library | Shelving location | Date acquired | Source of acquisition | Total Checkouts | Total Renewals | Full call number | Barcode | Date last seen | Date checked out | Cost, replacement price | Price effective from | Koha item type |
|---|---|---|---|---|---|---|---|---|---|---|---|---|---|---|---|---|---|---|---|
| Dewey Decimal Classification | General NonFiction | Wasatch County Library | Wasatch County Library | Second Floor | 09/07/2022 | Amazon | 3 | 4 | 863 Borges | 34301001862590 | 02/17/2026 | 01/26/2026 | 20.00 | 09/07/2022 | BOOK |
